Ảnh hưởng của hành vi lãnh đạo đến sự hài lòng và sự cam kết với tổ chức của nhân viên tại các doanh nghiệp nhỏ và vừa thuộc hội Cơ khí – Điện Tp.Hồ Chí Minh : Luận văn thạc sĩ - Chuyên ngành: Quản trị kinh doanh

Na minha lista:
Detalhes bibliográficos
Autor principal: Nguyễn, Quốc Trung
Formato: Luận văn
Idioma:Undetermined
Publicado em: Đại học Công nghiệp TP. Hồ Chí Minh 2022
Assuntos:
Acesso em linha:https://opac.iuh.edu.vn/TraCuuTaiLieuSo2XemChiTiet.aspx?Id=118352
Tags: Adicionar Tag
Sem tags, seja o primeiro a adicionar uma tag!
Thư viện lưu trữ: Trung tâm Thư viện - Trường Đại học Công nghiệp TP. Hồ Chí Minh
LEADER 00936nam a2200169Ia 4500
001 UIH_02311
008 230809s9999 xx 000 0 und d
082 |a 658.3 
100 |a Nguyễn, Quốc Trung 
245 0 |a Ảnh hưởng của hành vi lãnh đạo đến sự hài lòng và sự cam kết với tổ chức của nhân viên tại các doanh nghiệp nhỏ và vừa thuộc hội Cơ khí – Điện Tp.Hồ Chí Minh : Luận văn thạc sĩ - Chuyên ngành: Quản trị kinh doanh 
245 0 |c Nguyễn, Quốc Trung 
260 |b Đại học Công nghiệp TP. Hồ Chí Minh 
260 |c 2022 
650 |a Quản trị kinh doanh;Quản lý nhân sự; 
856 |u https://opac.iuh.edu.vn/TraCuuTaiLieuSo2XemChiTiet.aspx?Id=118352 
927 |a Luận văn 
980 |a Trung tâm Thư viện - Trường Đại học Công nghiệp TP. Hồ Chí Minh